| 000 | 00355nam a2200133Ia 4500 | ||
|---|---|---|---|
| 008 | 150301s1988 xx 000 0 und d | ||
| 082 |
_a617.692 _bA88S |
||
| 100 | _aSTRATION, RUSSELL. J | ||
| 245 | _aAN ATLAS OF REMOVANLE PRACTICAL DENTURE DESIGN | ||
| 260 |
_bQUITESSENCE PUB _aUK _c1988 |
||
| 300 | _a1-335 | ||
| 650 | _aPROSTHODONTICS | ||
| 942 |
_2ddc _cBK |
||
| 999 |
_c6977 _d6977 |
||